000 00416nam a2200181Ia 4500
001 3866
005 20260306145715.0
008 260306t2000||||xx |||||||||||||| ||spa||
041 _aESP
082 _a304
_bV24
100 _aVallejos Burgos, Mario.
_eAUT
245 0 _aCultura del migrante
260 _c2000
300 _a176 páginas :
_c20 cm.
650 _aGEN
654 _aCHU
942 _cLIB
_dJUS
_fJUS
_2ddc
_n
999 _c3866
_d3866